00584nam a2200181 a 4500008004100000020002200041100002000063245010200083260003900185300002600224504004100250500002000291650003200311650003200343003000100375005001700376040000900393  a0745002684 (pbk.)10aCoole, Diana H.10aWomen in political theory :bfrom ancient misogyny to contemporary feminism /cby Diana H. Coole.0 aSussex :bWheatsheaf Books,c1988. avii, 324 p. ;c23 cm. aIncludes bibliographical references. aIncludes index. 0aWomen in politicsxHistory. 0aPolitical sciencexHistory.20230123133752.0 cNUST